000 01558nam a22003977a 4500
001 970
005 20230717103641.0
008 230717b cb ||||| |||| 00| 0 eng d
020 _a9781338298574 (pbk.)
020 _a9781338298581 (hardcover)
040 _aNJQ/DLC
_beng
_cNJQ
_erda
_dDLC
050 0 0 _aPZ7.E45812
_bEk 2019
082 0 4 _a[Fic]
_223
100 1 _eauthor,
_aElliott, Rebecca,
245 1 0 _aEva and Baby Mo /
_cRebecca Elliott.
250 _aFirst edition, March 2019.
260 _aNew York :
_bScholastic,
_c2019.
300 _a71 pages :
_bcolor illustrations ;
_c20 cm.
490 1 _aOwl diaries ;
_vBook 10
505 _aN
520 _aEva offers to babysit for little brother Baby Mo so her parents can go sky-dancing competition, and she enlists a couple of her friends to help--unfortunately Mo proves to be a handful, eating too much candy, making a big mess, and throwing a tantrum, and she and her friends have to clean up fast before her parents get home.
521 2 _a530
_bLexile
521 0 _aN
_bRaz-Plus
650 0 _aOwls
_vJuvenile fiction.
650 0 _aBrothers and sisters
_vJuvenile fiction.
650 0 _aBabysitting
_vJuvenile fiction.
650 0 _aFriendship
_vJuvenile fiction.
650 0 _aDiaries
_vJuvenile fiction.
650 1 _aOwls
_vFiction.
650 1 _aSiblings
_vFiction.
650 1 _aBabysitters and babysitting
_vFiction.
650 1 _aFriendship
_vFiction.
650 1 _aDiaries
_vFiction.
906 _a7
_bcbc
_corignew
_d1
_eecip
_f20
_gy-gencatlg
942 _2ddc
_cBK
_n0
999 _c970
_d970